<?xml version="1.0" encoding="UTF-8"?>
<collection xmlns="http://www.loc.gov/MARC21/slim">
  <record>
    <leader>00000nam  2200000   4500</leader>
    <controlfield tag="001">INLIS000000000810411</controlfield>
    <controlfield tag="005">20251208085936</controlfield>
    <datafield tag="035" ind1="#" ind2="#">
      <subfield code="a">0010-1225000049</subfield>
    </datafield>
    <controlfield tag="007">ta</controlfield>
    <controlfield tag="008">251208###########################0######</controlfield>
    <datafield tag="082" ind1="#" ind2="#">
      <subfield code="a">297.21</subfield>
    </datafield>
    <datafield tag="084" ind1="#" ind2="#">
      <subfield code="a">R 297.21 AND t</subfield>
    </datafield>
    <datafield tag="245" ind1="#" ind2="#">
      <subfield code="a">Syarh Al-Ushul Ats-Tsalatsah Al-Qowaid Al-Arba /</subfield>
      <subfield code="c">Dr. Firanda Andirja, Lc. M.A.</subfield>
    </datafield>
    <datafield tag="250" ind1="#" ind2="#">
      <subfield code="a">Cet. 1</subfield>
    </datafield>
    <datafield tag="260" ind1="#" ind2="#">
      <subfield code="b">Yayasan Baitut Tholabah</subfield>
    </datafield>
    <datafield tag="300" ind1="#" ind2="#">
      <subfield code="a">231 Halaman ;</subfield>
      <subfield code="c">17,5 cm x 25 cm</subfield>
    </datafield>
  </record>
</collection>
